[Event "EU-ch Rapid"]
[Site "Katowice"]
[Date "2022.12.18"]
[Round "11"]
[White "Subelj, Jan"]
[Black "Sotsky, Alexander"]
[Result "1-0"]
[WhiteElo "2492"]
[BlackElo "2333"]
[PlyCount "67"]
[EventDate "2022.12.17"]
[EventType "swiss (rapid)"]
[EventRounds "11"]
[EventCountry "POL"]
[SourceTitle "CBM 211 Extra"]
[Source "ChessBase"]
[SourceDate "2023.01.31"]
[SourceVersion "1"]
[SourceVersionDate "2023.01.31"]
[SourceQuality "1"]

1. e4 e6 2. d4 d5 3. e5 c5 4. c3 Bd7 5. Nf3 f5 6. Be2 Qb6 7. 0-0 Nh6 8. dxc5 Bxc5 9. b4 Be7 10. Be3 Qc7 11. Bxh6 gxh6 12. Qd2 Nc6 13. Re1 0-0-0 14. Bf1 Bg5 15. Qe2 Kb8 16. a4 Be8 17. h4 Be7 18. Na3 Bh5 19. Nb5 Qd7 20. Qe3 Bxf3 21. Qxf3 Bxh4 22. Rad1 Qg7 23. c4 d4 24. g3 Rhg8 25. Bg2 Be7 26. c5 f4 27. Qxf4 Rdf8 28. Qe4 Rxf2 29. Kxf2 Qxg3+ 30. Kg1 Bg5 31. Nxd4 Bf4 32. Nxc6+ Kc7 33. Nd4 Qh2+ 34. Kf1 1-0

[Event "EU-ch Blitz"]
[Site "Katowice"]
[Date "2022.12.16"]
[Round "9"]
[White "Costachi, Mihnea"]
[Black "Sotsky, Alexander"]
[Result "1-0"]
[WhiteElo "2476"]
[BlackElo "2333"]
[PlyCount "95"]
[EventDate "2022.12.16"]
[EventType "swiss (blitz)"]
[EventRounds "22"]
[EventCountry "POL"]
[SourceTitle "CBM 211 Extra"]
[Source "ChessBase"]
[SourceDate "2023.01.31"]
[SourceVersion "1"]
[SourceVersionDate "2023.01.31"]
[SourceQuality "1"]

1. d4 d5 2. c4 e6 3. Nc3 f5 4. g3 Nf6 5. Bg2 c6 6. Nf3 Bd6 7. b3 0-0 8. Bb2 Bd7 9. Qc2 Ne4 10. 0-0 Be8 11. Ne5 Nd7 12. Nd1 Bh5 13. f3 Ng5 14. Nf2 Qe7 15. Rae1 f4 16. g4 Bxe5 17. dxe5 Bg6 18. Qd2 h5 19. e3 hxg4 20. Nxg4 fxe3 21. Qxe3 Rf7 22. cxd5 cxd5 23. Bc1 Nh7 24. f4 Raf8 25. Qg3 Kh8 26. Ne3 Bd3 27. Rf2 Nc5 28. Ng4 Be4 29. Ba3 b6 30. Bxc5 Qxc5 31. Bxe4 dxe4 32. Kg2 Rd8 33. Rxe4 Rd1 34. Rc4 Qd5+ 35. Qf3 Qd8 36. Rfc2 Qh4 37. Qg3 Qh5 38. Rc7 Rxc7 39. Rxc7 Rd2+ 40. Nf2 Qh6 41. Rc8+ Nf8 42. Rxf8+ Kh7 43. Re8 Qh5 44. Re7 Qh6 45. Rxa7 b5 46. a3 Rb2 47. b4 Ra2 48. Qg5 1-0

[Event "EU-ch Blitz"]
[Site "Katowice"]
[Date "2022.12.16"]
[Round "10"]
[White "Sotsky, Alexander"]
[Black "Costachi, Mihnea"]
[Result "0-1"]
[WhiteElo "2333"]
[BlackElo "2476"]
[PlyCount "56"]
[EventDate "2022.12.16"]
[EventType "swiss (blitz)"]
[EventRounds "22"]
[EventCountry "POL"]
[SourceTitle "CBM 211 Extra"]
[Source "ChessBase"]
[SourceDate "2023.01.31"]
[SourceVersion "1"]
[SourceVersionDate "2023.01.31"]
[SourceQuality "1"]

1. d4 Nf6 2. Bg5 d5 3. e3 e6 4. Nd2 c5 5. c3 Qb6 6. Rb1 Be7 7. Bxf6 Bxf6 8. f4 Qc7 9. Qf3 Bd7 10. Bd3 b5 11. Ne2 b4 12. 0-0 Nc6 13. f5 exf5 14. Qxd5 cxd4 15. cxd4 0-0 16. Bxf5 Rad8 17. Qc4 Bxf5 18. Rxf5 Qd7 19. Rxf6 gxf6 20. Ne4 Qe6 21. Qc2 Rfe8 22. N4g3 Qxe3+ 23. Kh1 Nxd4 24. Nxd4 Rxd4 25. Qf5 Qd3 26. Qf1 Qxf1+ 27. Rxf1 Rd2 28. Nh5 Rf2 0-1

[Event "EU-ch Blitz"]
[Site "Katowice"]
[Date "2022.12.16"]
[Round "14"]
[White "Sotsky, Alexander"]
[Black "Dragnev, Valentin"]
[Result "0-1"]
[WhiteElo "2333"]
[BlackElo "2556"]
[PlyCount "84"]
[EventDate "2022.12.16"]
[EventType "swiss (blitz)"]
[EventRounds "22"]
[EventCountry "POL"]
[SourceTitle "CBM 211 Extra"]
[Source "ChessBase"]
[SourceDate "2023.01.31"]
[SourceVersion "1"]
[SourceVersionDate "2023.01.31"]
[SourceQuality "1"]

1. d4 Nf6 2. Bg5 d5 3. e3 c5 4. c3 Nc6 5. Nd2 cxd4 6. exd4 h6 7. Bh4 Bf5 8. Ngf3 e6 9. Be2 Be7 10. 0-0 0-0 11. Re1 a6 12. Bg3 Nd7 13. Nf1 b5 14. a3 Nb6 15. Ne3 Be4 16. Ne5 Nxe5 17. Bxe5 Bd6 18. Bxd6 Qxd6 19. Bd3 Bxd3 20. Qxd3 Nc4 21. Nxc4 bxc4 22. Qf3 Rab8 23. Re2 Rb3 24. Rc1 Rfb8 25. Rcc2 Rxa3 26. g3 Rab3 27. Qe3 R8b7 28. f4 Qb8 29. Qc1 a5 30. Qa1 R7b5 31. Rf2 g6 32. h4 h5 33. Rce2 Kg7 34. Kh2 Qa7 35. Qa4 Qb6 36. Qa1 a4 37. Qxa4 Rxb2 38. Kh3 Rb1 39. Qa8 Rh1+ 40. Kg2 Rbb1 41. Qe8 Rbg1+ 42. Kf3 Qb1 0-1

[Event "EU-ch Rapid"]
[Site "Katowice"]
[Date "2021.12.19"]
[Round "8"]
[White "Sotsky, Alexander"]
[Black "Walter, Szymon"]
[Result "0-1"]
[WhiteElo "2333"]
[BlackElo "2286"]
[PlyCount "108"]
[EventDate "2021.12.18"]
[EventType "swiss (rapid)"]
[EventRounds "11"]
[EventCountry "POL"]
[SourceTitle "CBM 205 Extra"]
[Source "ChessBase"]
[SourceDate "2022.01.31"]
[SourceVersion "1"]
[SourceVersionDate "2022.01.31"]
[SourceQuality "1"]

1. d4 Nf6 2. Bg5 Ne4 3. Bh4 d5 4. f3 Nf6 5. c3 g6 6. Nd2 Bg7 7. e3 0-0 8. Bd3 Nbd7 9. f4 c5 10. Ngf3 b6 11. 0-0 Bb7 12. Ne5 Ne4 13. Nxe4 dxe4 14. Bc4 cxd4 15. cxd4 Nf6 16. f5 Bd5 17. fxg6 hxg6 18. b3 Qd6 19. Rc1 Rac8 20. Qe2 Bxc4 21. Rxc4 Rxc4 22. Nxc4 Qe6 23. Bxf6 Bxf6 24. Rd1 Rd8 25. Qf2 Rd5 26. Qg3 Kg7 27. Nd2 Rg5 28. Qf4 Rg4 29. Qb8 Qf5 30. Re1 Qa5 31. Re2 Qxa2 32. h3 Rh4 33. Kf2 Rh5 34. Qb7 Qa1 35. Qxe4 Bh4+ 36. g3 Bf6 37. h4 Rf5+ 38. Kg2 Qd1 39. Qg4 Ra5 40. Ne4 Ra1 41. Nf2 Qf1+ 42. Kf3 Ra5 43. Ke4 Qb1+ 44. Kf3 Qf1 45. Ke4 e5 46. Kd3 exd4 47. exd4 Qb1+ 48. Kc3 Rc5+ 49. Kd2 Rc2+ 50. Ke3 Qxb3+ 51. Nd3 Rc3 52. Qe4 Rc4 53. Qd5 Qc3 54. Qb5 Bxd4+ 0-1

[Event "EU-ch Blitz"]
[Site "Katowice"]
[Date "2021.12.17"]
[Round "14"]
[White "Budrewicz, Krzysztof"]
[Black "Sotsky, Alexander"]
[Result "1-0"]
[WhiteElo "2183"]
[BlackElo "2333"]
[PlyCount "83"]
[EventDate "2021.12.17"]
[EventType "swiss (blitz)"]
[EventRounds "22"]
[EventCountry "POL"]
[SourceTitle "CBM 205 Extra"]
[Source "ChessBase"]
[SourceDate "2022.01.31"]
[SourceVersion "1"]
[SourceVersionDate "2022.01.31"]
[SourceQuality "1"]

1. d4 d5 2. c4 e6 3. Nc3 f5 4. Nf3 Nf6 5. g3 c6 6. Bg2 Bd6 7. 0-0 0-0 8. b3 Bd7 9. Bb2 Be8 10. a4 Qe7 11. a5 a6 12. Na4 Nbd7 13. c5 Bc7 14. Nb6 Rd8 15. b4 Ne4 16. Ne5 Bxe5 17. dxe5 Bh5 18. f3 Ng5 19. Qd2 Nf7 20. Qe3 h6 21. Na4 g5 22. Bd4 f4 23. gxf4 gxf4 24. Qxf4 Ng5 25. Qe3 Qg7 26. Kh1 Rf7 27. Nb2 Rdf8 28. Nd3 Bg6 29. Nf2 Rf4 30. Ng4 h5 31. Nf6+ R4xf6 32. exf6 Qh6 33. h4 Nf7 34. Qxe6 Nb8 35. Be3 Qh7 36. Rg1 Kh8 37. Bh3 Rg8 38. Rg2 Nd8 39. Qe5 Qf7 40. Rag1 Kh7 41. Qg5 Ne6 42. Qh6# 1-0

[Event "LTU-chT"]
[Site "Lithuania"]
[Date "2018.03.25"]
[Round "5.3"]
[White "Sotsky, Alexander"]
[Black "Vaitonis, Vytautas"]
[Result "1-0"]
[WhiteElo "2333"]
[BlackElo "1907"]
[PlyCount "53"]
[EventDate "2018.01.27"]
[EventType "team-swiss"]
[EventRounds "7"]
[EventCountry "LTU"]
[SourceTitle "EXT 2019"]
[Source "ChessBase"]
[SourceDate "2018.10.10"]
[SourceVersion "1"]
[SourceVersionDate "2018.10.10"]
[SourceQuality "1"]
[WhiteTeam "Kaunas Ezerelio"]
[BlackTeam "Klaipeda Nesunaikinami"]
[WhiteTeamCountry "LTU"]
[BlackTeamCountry "LTU"]

1. d4 Nf6 2. Bg5 d5 3. e3 e6 4. Nd2 Be7 5. Bd3 Nbd7 6. f4 c5 7. c3 b6 8. Ngf3 Bb7 9. Ne5 0-0 10. Bxf6 Nxf6 11. Qf3 b5 12. 0-0 b4 13. Rac1 Rc8 14. f5 bxc3 15. bxc3 cxd4 16. fxe6 dxe3 17. exf7+ Rxf7 18. Bxh7+ Kf8 19. Nb3 g5 20. Bg6 Rg7 21. Nd4 Kg8 22. Qxe3 Ng4 23. Bf7+ Rxf7 24. Nxg4 Rxf1+ 25. Rxf1 Qd7 26. Nh6+ Kh7 27. Rf7+ 1-0

[Event "Keres Memorial rap 27th"]
[Site "Tallinn"]
[Date "2018.01.13"]
[Round "2"]
[White "Sotsky, Alexander"]
[Black "Kovalev, Vladislav"]
[Result "0-1"]
[WhiteElo "2333"]
[BlackElo "2639"]
[PlyCount "30"]
[EventDate "2018.01.13"]
[EventType "swiss (rapid)"]
[EventRounds "11"]
[EventCountry "EST"]
[SourceTitle "CBM 182 Extra"]
[Source "ChessBase"]
[SourceDate "2018.02.23"]
[SourceVersion "1"]
[SourceVersionDate "2018.02.23"]
[SourceQuality "1"]

1. d4 Nf6 2. Bg5 c5 3. Nc3 Qb6 4. Bxf6 gxf6 5. e3 e6 6. Nf3 Qxb2 7. Nb5 Qb4+ 8. c3 Qa5 9. Nd2 d5 10. Qf3 c4 11. e4 Qxb5 12. Qxf6 Rg8 13. exd5 Qxd5 14. Bxc4 Qxg2 15. 0-0-0 Qg6 0-1

[Event "EU-ch blitz"]
[Site "Katowice"]
[Date "2017.12.15"]
[Round "6"]
[White "Sotsky, Alexander"]
[Black "Fressinet, Laurent"]
[Result "0-1"]
[WhiteElo "2333"]
[BlackElo "2662"]
[PlyCount "76"]
[EventDate "2017.12.15"]
[EventType "swiss (blitz)"]
[EventRounds "22"]
[EventCountry "POL"]
[SourceTitle "CBM 182 Extra"]
[Source "ChessBase"]
[SourceDate "2018.02.23"]
[SourceVersion "1"]
[SourceVersionDate "2018.02.23"]
[SourceQuality "1"]

1. d4 Nf6 2. Bg5 d5 3. e3 c5 4. c3 Nc6 5. f4 Ne4 6. Nf3 Qb6 7. Qb3 c4 8. Qxb6 axb6 9. Nbd2 Nxd2 10. Nxd2 b5 11. Be2 f6 12. Bh4 b4 13. Bf3 e6 14. e4 bxc3 15. bxc3 Ne7 16. 0-0 Bd7 17. f5 dxe4 18. fxe6 exf3 19. exd7+ Kxd7 20. Rxf3 b5 21. Ne4 Nd5 22. Bg3 Ba3 23. Rb1 Kc6 24. h4 Rhe8 25. Nf2 Re2 26. h5 Rxa2 27. h6 gxh6 28. Ne4 Be7 29. Rf5 Ra1 30. Rxa1 Rxa1+ 31. Kh2 Rc1 32. Bf4 Re1 33. Ng3 Nxc3 34. Bd2 Rd1 35. Bxc3 b4 36. Bxb4 Bxb4 37. Rxf6+ Bd6 38. Kh3 Rd3 0-1

[Event "Jurmala Tal Memorial rapid"]
[Site "Jurmala"]
[Date "2017.03.04"]
[Round "1"]
[White "Sotsky, Alexander"]
[Black "Shirov, Alexei"]
[Result "0-1"]
[WhiteElo "2336"]
[BlackElo "2691"]
[PlyCount "64"]
[EventDate "2017.03.04"]
[EventType "swiss (rapid)"]
[EventRounds "11"]
[EventCountry "LAT"]
[SourceTitle "CBM 177 Extra"]
[Source "ChessBase"]
[SourceDate "2017.04.27"]
[SourceVersion "1"]
[SourceVersionDate "2017.04.27"]
[SourceQuality "1"]

1. d4 d5 2. Bg5 h6 3. Bh4 c5 4. Nc3 Nc6 5. e3 cxd4 6. exd4 g5 7. Bg3 a6 8. h4 g4 9. Be2 h5 10. f3 Nh6 11. Qd2 Nf5 12. Bf4 Nfxd4 13. 0-0-0 Bg7 14. fxg4 hxg4 15. h5 f5 16. Bg5 Qd6 17. h6 Be5 18. Kb1 Bd7 19. Bd3 0-0-0 20. Nge2 Rdg8 21. Nxd4 Nxd4 22. Rde1 e6 23. Ne2 Nc6 24. c3 Nd8 25. g3 Nf7 26. Bf4 Bxf4 27. Nxf4 e5 28. Ng2 Ng5 29. Ref1 Nf3 30. Qe3 Kb8 31. Nh4 e4 32. Bc2 Qxh6 0-1

[Event "EU-ch rapid"]
[Site "Tallinn"]
[Date "2016.12.15"]
[Round "2"]
[White "Sotsky, Alexander"]
[Black "Bortnyk, Olexandr"]
[Result "0-1"]
[WhiteElo "2336"]
[BlackElo "2581"]
[PlyCount "54"]
[EventDate "2016.12.15"]
[EventType "swiss (rapid)"]
[EventRounds "11"]
[EventCountry "EST"]
[SourceTitle "CBM 176 Extra"]
[Source "ChessBase"]
[SourceDate "2017.03.02"]
[SourceVersion "1"]
[SourceVersionDate "2017.03.02"]
[SourceQuality "1"]

1. d4 d6 2. c3 Nf6 3. Bg5 Nbd7 4. Bxf6 Nxf6 5. e3 g6 6. Nd2 Bg7 7. Bd3 0-0 8. h4 e5 9. h5 Nxh5 10. Rxh5 gxh5 11. Qxh5 f5 12. dxe5 dxe5 13. Bc4+ Kh8 14. Ngf3 Qe8 15. Qh2 e4 16. Ng5 Qg6 17. f4 exf3 18. Ndxf3 Bf6 19. Nh3 Qh6 20. 0-0-0 Qxe3+ 21. Kb1 f4 22. Bd3 Bxh3 23. Qxh3 Rf7 24. Qf5 Raf8 25. Rh1 Bh4 26. Qd5 c6 27. Qd6 Rd8 0-1

[Event "EU-Cup 32nd"]
[Site "Novi Sad"]
[Date "2016.11.12"]
[Round "7.2"]
[White "Admiraal, Miguoel"]
[Black "Sotsky, Alexander"]
[Result "1-0"]
[WhiteElo "2448"]
[BlackElo "2348"]
[PlyCount "111"]
[EventDate "2016.11.06"]
[EventType "team-swiss"]
[EventRounds "7"]
[EventCountry "SRB"]
[SourceTitle "CBM 176"]
[Source "ChessBase"]
[SourceDate "2017.01.17"]
[SourceVersion "1"]
[SourceVersionDate "2017.01.17"]
[SourceQuality "1"]
[WhiteTeam "Kennemer Combinatie"]
[BlackTeam "Ezerelio Vaivorykste"]
[WhiteTeamCountry "NED"]
[BlackTeamCountry "LTU"]

1. d4 d5 2. Bf4 e6 3. e3 f5 4. c4 Nf6 5. Nc3 Be7 6. Nf3 0-0 7. h3 c6 8. Bd3 Ne4 9. 0-0 Nd7 10. Bh2 Qe8 11. Ne2 Qh5 12. Rc1 g5 13. Bb1 Rf7 14. Ne5 Rg7 15. cxd5 exd5 16. f3 Nd6 17. Ng3 Qe8 18. Nxf5 Nxf5 19. Bxf5 Nxe5 20. Bxc8 Nxf3+ 21. Qxf3 Rxc8 22. Be5 Rg6 23. Qg4 Bb4 24. Rc2 Qe6 25. Rf5 Be7 26. Rcf2 Rf8 27. Rxf8+ Bxf8 28. Rf5 Bg7 29. Qf3 Qe7 30. Qg3 h6 31. h4 Qe6 32. Qf3 gxh4 33. Bxg7 Rxg7 34. Rf6 Qg4 35. Qxg4 Rxg4 36. Rxh6 Kg7 37. Rh5 Kg6 38. Rh8 Kg7 39. Rh5 Kg6 40. Rh8 Kg7 41. Rb8 h3 42. Rxb7+ Kg6 43. Kh2 hxg2 44. Kg1 Rg3 45. Rxa7 Rxe3 46. Rc7 Re2 47. Rxc6+ Kf5 48. Rb6 Rd2 49. Rb4 Ke4 50. a4 Kf3 51. Rb3+ Ke4 52. a5 Rc2 53. a6 Rc8 54. a7 Ra8 55. Rb7 Kxd4 56. b4 1-0

[Event "EU-Cup 32nd"]
[Site "Novi Sad"]
[Date "2016.11.08"]
[Round "3.2"]
[White "Niemi, Kalle"]
[Black "Sotsky, Alexander"]
[Result "1/2-1/2"]
[WhiteElo "2337"]
[BlackElo "2348"]
[PlyCount "128"]
[EventDate "2016.11.06"]
[EventType "team-swiss"]
[EventRounds "7"]
[EventCountry "SRB"]
[SourceTitle "CBM 176"]
[Source "ChessBase"]
[SourceDate "2017.01.17"]
[SourceVersion "1"]
[SourceVersionDate "2017.01.17"]
[SourceQuality "1"]
[WhiteTeam "Salon Shakkikerho"]
[BlackTeam "Ezerelio Vaivorykste"]
[WhiteTeamCountry "FIN"]
[BlackTeamCountry "LTU"]

1. e4 e6 2. d4 d5 3. Nc3 dxe4 4. Nxe4 Bd7 5. Nf3 Bc6 6. Bd3 Bxe4 7. Bxe4 c6 8. c3 Nf6 9. Bc2 Bd6 10. 0-0 Nbd7 11. Re1 Qc7 12. a4 0-0 13. Bg5 Rfe8 14. Qd3 g6 15. Rad1 b5 16. axb5 cxb5 17. Bb3 Rab8 18. Qe2 Nh5 19. g3 a5 20. Ne5 Nxe5 21. dxe5 Bf8 22. Rd3 a4 23. Bc2 a3 24. bxa3 Bxa3 25. g4 Ng7 26. Qd2 Be7 27. Bxe7 Rxe7 28. Qh6 Qc4 29. Qg5 Ree8 30. Rh3 Rbd8 31. Be4 Qc5 32. Bg2 f5 33. Qh6 Kf7 34. gxf5 exf5 35. Rhe3 Kg8 36. e6 Re7 37. Qh4 Rd2 38. Qb4 Qxb4 39. cxb4 Rb2 40. Re5 Rxb4 41. Bc6 Kf8 42. Bd7 Ne8 43. Ra1 Kg7 44. Bxb5 Kf6 45. Rae1 Nc7 46. Bd7 Rb6 47. Kg2 Nxe6 48. Bxe6 Rbxe6 49. Rxe6+ Rxe6 50. Ra1 Re4 51. Ra7 h5 52. Ra6+ Re6 53. Ra4 g5 54. h3 Re4 55. Ra5 Rd4 56. Rb5 Rd3 57. Ra5 h4 58. Rb5 Ke6 59. Ra5 Rd5 60. Ra8 Ke5 61. Ra4 Rd4 62. Ra3 g4 63. hxg4 fxg4 64. Ra8 Kf5 1/2-1/2

[Event "St Petersburg rapid final"]
[Site "St Petersburg"]
[Date "2016.09.17"]
[Round "1.2"]
[White "Ionov, Sergey"]
[Black "Sotsky, Alexander"]
[Result "1-0"]
[WhiteElo "2535"]
[BlackElo "2348"]
[PlyCount "81"]
[EventDate "2016.09.17"]
[EventType "k.o. (rapid)"]
[EventRounds "5"]
[EventCountry "RUS"]
[SourceTitle "CBM 174 Extra"]
[Source "ChessBase"]
[SourceDate "2016.10.10"]
[SourceVersion "1"]
[SourceVersionDate "2016.10.10"]
[SourceQuality "1"]

1. Nf3 d5 2. d4 c6 3. c4 e6 4. e3 f5 5. Be2 Nf6 6. 0-0 Bd6 7. b3 Qe7 8. Bb2 0-0 9. Qc1 Bd7 10. Ba3 Be8 11. Bxd6 Qxd6 12. Ne5 Bh5 13. Bxh5 Nxh5 14. Qa3 Qd8 15. Nd2 Nd7 16. Nxd7 Qxd7 17. Nf3 a6 18. Ne5 Qc7 19. Rac1 Rae8 20. b4 Qe7 21. Qb3 f4 22. Rce1 Qg5 23. f3 dxc4 24. Nxc4 fxe3 25. Qxe3 Qd5 26. Rc1 Nf4 27. g3 Qxd4 28. gxf4 Rxf4 29. Qxd4 Rxd4 30. Rfd1 Red8 31. Rxd4 Rxd4 32. a3 Kf7 33. Kf2 Ke7 34. Na5 Rd3 35. Nxb7 Rxa3 36. Rxc6 Ra2+ 37. Kg3 Kd7 38. Rc4 e5 39. Nc5+ Kd6 40. Ne4+ Kd5 41. Rc7 1-0

[Event "LTU-chT"]
[Site "Lithuania"]
[Date "2016.02.07"]
[Round "5.3"]
[White "Jablokov, Dmitrij"]
[Black "Sotsky, Alexander"]
[Result "0-1"]
[WhiteElo "1713"]
[BlackElo "2363"]
[PlyCount "60"]
[EventDate "2016.01.23"]
[EventType "team-swiss"]
[EventRounds "7"]
[EventCountry "LTU"]
[SourceTitle "EXT 2017"]
[Source "ChessBase"]
[SourceDate "2016.10.25"]
[SourceVersion "1"]
[SourceVersionDate "2016.10.25"]
[SourceQuality "1"]
[WhiteTeam "Klaipeda Bokstas"]
[BlackTeam "Kaunas Ezerelio"]
[WhiteTeamCountry "LTU"]
[BlackTeamCountry "LTU"]

1. d4 d5 2. c4 e6 3. e3 f5 4. Nc3 Nf6 5. f4 c6 6. Nf3 Bd6 7. Bd3 0-0 8. 0-0 Ne4 9. Bd2 Rf6 10. c5 Bc7 11. b4 Bd7 12. Qc2 Be8 13. Rfb1 Nd7 14. a4 Rh6 15. Be1 Ndf6 16. h3 Bh5 17. Be2 Bxf3 18. Bxf3 g5 19. Bxe4 Nxe4 20. Nxe4 fxe4 21. b5 gxf4 22. exf4 Bxf4 23. bxc6 bxc6 24. Rb7 Qf6 25. Qf2 Qg5 26. h4 Qg4 27. Rab1 Rf8 28. Rd7 Rg6 29. Kh1 Bh6 30. Qg1 Be3 0-1

[Event "EU-ch blitz"]
[Site "Minsk"]
[Date "2015.12.18"]
[Round "4.11"]
[White "Sotsky, Alexander"]
[Black "Guseinov, Gadir"]
[Result "1-0"]
[WhiteElo "2363"]
[BlackElo "2646"]
[PlyCount "109"]
[EventDate "2015.12.18"]
[EventType "swiss (blitz)"]
[EventRounds "22"]
[EventCountry "BLR"]
[SourceTitle "EXT 2017"]
[Source "ChessBase"]
[SourceDate "2016.10.25"]
[SourceVersion "1"]
[SourceVersionDate "2016.10.25"]
[SourceQuality "1"]

1. d4 Nf6 2. Bg5 e6 3. e3 b6 4. f4 Bb7 5. Nf3 Be7 6. Bd3 h6 7. Bxf6 gxf6 8. Nbd2 f5 9. Qe2 c5 10. c3 d5 11. Ne5 Nc6 12. Bb5 Rc8 13. Qh5 Rh7 14. Ndf3 Bf6 15. g4 fxg4 16. Qxg4 Rg7 17. Qh5 Ke7 18. Bxc6 Bxc6 19. 0-0-0 Qh8 20. Rhg1 Be8 21. Rxg7 Qxg7 22. Rg1 Qh7 23. Ng4 Bg7 24. Qh4+ Kf8 25. Kd2 cxd4 26. exd4 Qe4 27. Qg3 Qh7 28. Nfe5 b5 29. a3 a5 30. Rf1 b4 31. axb4 axb4 32. f5 bxc3+ 33. bxc3 exf5 34. Ne3 Ra8 35. Rxf5 Kg8 36. N5g4 Kh8 37. Qf3 Ra2+ 38. Ke1 Ra6 39. Qxd5 Re6 40. Kf2 Qg6 41. h3 Re7 42. Ne5 Qb6 43. Nxf7+ Bxf7 44. Rxf7 Qb2+ 45. Kf3 Rxf7+ 46. Qxf7 Qxc3 47. Qe8+ Kh7 48. Qe4+ Kh8 49. d5 Qf6+ 50. Qf5 Qd4 51. Qe6 Qd3 52. d6 Qb1 53. d7 Qh1+ 54. Ke2 Qh2+ 55. Kd3 1-0

[Event "St Petersburg rapid"]
[Site "St Petersburg"]
[Date "2015.03.15"]
[Round "6"]
[White "Sotsky, Alexander"]
[Black "Fedoseev, Vladimir1111"]
[Result "0-1"]
[WhiteElo "2377"]
[BlackElo "2674"]
[PlyCount "39"]
[EventDate "2015.03.14"]
[EventType "swiss (rapid)"]
[EventRounds "9"]
[EventCountry "RUS"]
[SourceTitle "CBM 165 Extra"]
[Source "ChessBase"]
[SourceDate "2015.04.21"]
[SourceVersion "1"]
[SourceVersionDate "2015.04.21"]
[SourceQuality "1"]

1. d4 Nf6 2. c3 d6 3. Bg5 Nbd7 4. f4 h6 5. Bxf6 Nxf6 6. e3 e5 7. dxe5 dxe5 8. Qxd8+ Kxd8 9. Bc4 Bc5 10. Nf3 exf4 11. exf4 Re8+ 12. Kd2 Re4 13. Bd3 Rxf4 14. Re1 Bh3 15. Ne5 Rf2+ 16. Re2 Rxe2+ 17. Kxe2 Bxg2 18. Nxf7+ Ke7 19. Ne5 Nd5 20. b4 0-1

[Event "St Petersburg-ch rap"]
[Site "St Petersburg"]
[Date "2014.03.08"]
[Round "2"]
[White "Sotsky, Alexander"]
[Black "Eliseev, Alexey"]
[Result "0-1"]
[WhiteElo "2382"]
[BlackElo "2379"]
[PlyCount "84"]
[EventDate "2014.03.08"]
[EventType "swiss (rapid)"]
[EventRounds "9"]
[EventCountry "RUS"]
[SourceTitle "CBM 159 Extra"]
[Source "ChessBase"]
[SourceDate "2014.04.24"]
[SourceVersion "1"]
[SourceVersionDate "2014.04.24"]
[SourceQuality "1"]

1. d4 e6 2. e4 d5 3. exd5 exd5 4. Qf3 Nf6 5. h3 c5 6. Bb5+ Nc6 7. Ne2 Qb6 8. Nbc3 cxd4 9. Nxd5 Nxd5 10. Qxd5 Be6 11. Bxc6+ bxc6 12. Qxd4 Bc5 13. Qh4 Qa6 14. Be3 Bxe3 15. fxe3 0-0 16. Kf2 Rfe8 17. Rhd1 Bc4 18. Nd4 c5 19. Nf5 Qe6 20. Qf4 Qf6 21. Rd7 Be6 22. Ne7+ Kf8 23. Qxf6 gxf6 24. Rc7 Rxe7 25. Rxc5 Rd8 26. Re1 Rd2+ 27. Re2 Rd1 28. a4 Red7 29. b4 f5 30. a5 Bd5 31. b5 Ke7 32. g4 fxg4 33. hxg4 Be6 34. g5 Bg4 35. c4 Bxe2 36. Kxe2 Ra1 37. b6 Rb7 38. Rb5 axb6 39. axb6 Kd6 40. Rf5 Kc6 41. e4 Ra3 42. Kf2 Kxb6 0-1

[Event "St Petersburg blitz prelim"]
[Site "St Petersburg"]
[Date "2013.12.22"]
[Round "3"]
[White "Matlakov, Maxim"]
[Black "Sotsky, Alexander"]
[Result "1-0"]
[WhiteElo "2700"]
[BlackElo "2382"]
[PlyCount "65"]
[EventDate "2013.12.22"]
[EventType "swiss (blitz)"]
[EventRounds "11"]
[EventCountry "RUS"]
[SourceTitle "CBM 158 Extra"]
[Source "ChessBase"]
[SourceDate "2014.02.28"]
[SourceVersion "1"]
[SourceVersionDate "2014.02.28"]
[SourceQuality "1"]

1. c4 e6 2. g3 f5 3. Bg2 Nf6 4. d4 d5 5. Nh3 c6 6. 0-0 Be7 7. Nd2 0-0 8. Nf4 Ne4 9. Nf3 Nd6 10. b3 a5 11. Ne5 Nf7 12. Nxf7 Rxf7 13. Nd3 Rf8 14. Bb2 Bd7 15. Qc1 a4 16. Ba3 axb3 17. axb3 Na6 18. Qc3 Nc7 19. Bxe7 Qxe7 20. Nc5 b6 21. Nd3 Be8 22. e3 Qd6 23. Rxa8 Nxa8 24. Ra1 Bh5 25. cxd5 cxd5 26. Ra7 h6 27. h4 b5 28. Qa5 Qc6 29. Ne5 Qc8 30. Kh2 f4 31. exf4 Kh7 32. Qxb5 Qc1 33. Qb7 1-0

[Event "EU-ch rapid"]
[Site "Warsaw"]
[Date "2013.12.15"]
[Round "10"]
[White "Sotsky, Alexander"]
[Black "Dziuba, Marcin"]
[Result "0-1"]
[WhiteElo "2382"]
[BlackElo "2576"]
[PlyCount "35"]
[EventDate "2013.12.14"]
[EventType "swiss (rapid)"]
[EventRounds "11"]
[EventCountry "POL"]
[SourceTitle "CBM 157 Extra"]
[Source "ChessBase"]
[SourceDate "2013.12.19"]
[SourceVersion "1"]
[SourceVersionDate "2013.12.19"]
[SourceQuality "1"]

1. d4 Nf6 2. Bg5 d5 3. e3 c5 4. c3 Qb6 5. Qb3 c4 6. Qc2 Ne4 7. Bf4 Bf5 8. Qe2 Nc6 9. f3 Nf6 10. g4 Bg6 11. h4 h5 12. g5 Nd7 13. Bh3 e5 14. Bg3 0-0-0 15. Kf2 Bd6 16. a4 Rhe8 17. Qd2 Na5 18. Qd1 0-1

[Event "EU-ch rapid"]
[Site "Warsaw"]
[Date "2013.12.14"]
[Round "4"]
[White "Sotsky, Alexander"]
[Black "Grigoryan, Karen H"]
[Result "0-1"]
[WhiteElo "2382"]
[BlackElo "2604"]
[PlyCount "134"]
[EventDate "2013.12.14"]
[EventType "swiss (rapid)"]
[EventRounds "11"]
[EventCountry "POL"]
[SourceTitle "CBM 157 Extra"]
[Source "ChessBase"]
[SourceDate "2013.12.19"]
[SourceVersion "1"]
[SourceVersionDate "2013.12.19"]
[SourceQuality "1"]

1. d4 d6 2. Bg5 g6 3. e3 Bg7 4. c3 h6 5. Bh4 Nf6 6. f4 0-0 7. Nf3 c5 8. Bd3 Nc6 9. 0-0 Qc7 10. Qe2 e5 11. fxe5 dxe5 12. Nxe5 Nxe5 13. Bxf6 Ng4 14. Be5 Bxe5 15. dxe5 Qxe5 16. Rf4 Qxe3+ 17. Qxe3 Nxe3 18. Re4 Nd1 19. Re7 Nxb2 20. Be4 Nc4 21. a4 Nd6 22. Bd5 Bf5 23. Nd2 Rad8 24. c4 Nxc4 25. Nxc4 Rxd5 26. Ne3 Rd2 27. Nxf5 gxf5 28. Rf1 c4 29. Rc7 Rd5 30. Rxc4 b6 31. Rc7 Ra5 32. Rf4 Kg7 33. h4 Re8 34. Rd4 Re4 35. Rdd7 Rxh4 36. Rxf7+ Kg6 37. Rxa7 Rhxa4 38. Rg7+ Kh5 39. Rab7 Rb4 40. Rb8 Rd5 41. Rh8 Rg4 42. Rb7 Rg6 43. Rhb8 Rdd6 44. Rf8 Kg5 45. Kh2 h5 46. Rbf7 Rdf6 47. Rxf6 Rxf6 48. Rg8+ Kf4 49. Kh3 h4 50. Rh8 Kg5 51. Rb8 Rh6 52. Rg8+ Kf6 53. Rf8+ Ke5 54. Re8+ Kd5 55. Rd8+ Kc5 56. Re8 Rh5 57. Kh2 b5 58. Rc8+ Kd4 59. Rd8+ Kc3 60. Rc8+ Kb3 61. Kg1 b4 62. Kf2 Kb2 63. Kf3 b3 64. Kf4 Kb1 65. Rc5 b2 66. Rc8 Rh7 67. Kxf5 Rg7 0-1